[Event "SRB-chT 1st League Men 2018"]
[Site "Valjevo"]
[Date "2018.09.10"]
[Round "11"]
[White "Leskur, Dejan"]
[Black "Radovanovic, Mihajlo"]
[Result "0-1"]
[WhiteElo "2389"]
[BlackElo "2427"]
[Annotator "TA"]
[PlyCount "114"]
[EventDate "2018.08.31"]
[EventType "team-tourn"]
[EventCountry "SRB"]
[SourceTitle "playchess.com"]
[Source "ChessBase"]
[SourceQuality "1"]

{[%evp 12,114,18,15,53,51,67,0,0,0,0,0,5,0,28,28,29,5,23,7,47,38,53,17,25,25,26,25,75,86,75,69,93,89,116,99,108,114,240,241,256,264,381,139,186,111,133,127,140,142,159,137,135,52,68,33,20,0,0,0,0,0,902,175,892,0,825,0,478,470,2551,1522,29993,-29993,1156,0,29993,-29989,29992,1357,29980,2645,29994,-5214,0,0,0,0,0,0,0,0,0,0,0,0,0,0,0,-29995,-29996,-29997,0,-29998,29994]} 1. e4 c5 2. Nf3 d6 3. Bb5+ Nd7 4. c3 Ngf6 5. Qe2 a6 6. Ba4 b5 7. Bc2 c4 {B51: Sicilian: Moscow Variation (3 Bb5+) without 3...Bd7} (7... Bb7 8. d4 e6 9. O-O Be7 10. Nbd2 O-O 11. e5 Nd5 12. Ne4 Qc7 13. exd6 Bxd6 14. Nxd6 Qxd6 15. dxc5 Qxc5 {½-½ (58) Kovalev,V (2648)-Grandelius,N (2652) Sharjah 2018}) 8. b3 $1 Qc7 9. Na3 ({Better is} 9. bxc4 $14 bxc4 10. Na3) 9... cxb3 $11 {The position is equal.} 10. axb3 Bb7 11. O-O e5 12. Bb2 Be7 13. d4 O-O 14. d5 $146 ({Predecessor:} 14. Rac1 Rfe8 15. d5 {0-1 (40) Nezad,H (2315)-Kanep,M (2389) Bled 2002}) 14... Nh5 15. g3 g6 16. b4 Nb6 17. Nd2 Bg5 18. Bb3 Bc8 19. c4 Bh3 20. Rfc1 bxc4 21. Naxc4 Nxc4 22. Rxc4 Qb6 23. Bc3 Rfc8 24. Rxc8+ Rxc8 (24... Bxc8 $16 {might work better.} 25. Nc4 Qb8) 25. Nc4 $1 $18 {[%cal Rc4b6]} (25. Rxa6 Qxa6 $3 {[%mdl 512]} 26. Qxa6 Rxc3 $19) 25... Qc7 {If Black can now play ...Bd7 this consolidates a bit.} 26. Rxa6 Bd7 (26... Nf6 {keeps fighting.} 27. Rxd6 Qxd6) 27. Ra5 $2 (27. Rxd6 $18 Bb5 28. Bxe5 Bxc4 29. Qg4 Bxb3 30. Rxg6+ $1 {[%mdl 512]} hxg6 31. Bxc7 Rxc7 32. Qxg5) 27... Qb8 28. Bd2 (28. Qf3 $18) 28... Bd8 29. Ra1 Bb5 30. Rc1 Bb6 31. Qe1 Bd4 32. Na5 (32. Bg5 $16) 32... Rxc1 $14 33. Bxc1 Qc8 34. Be3 {Strongly threatening Bxd4.} Nf4 35. Nc6 {Black must now prevent Ne7+.} ({Wrong is} 35. gxf4 $2 Qg4+ 36. Kh1 Be2 $19) 35... Qh3 $1 {[%csl Gf4][%cal Rh3g2]} 36. Bxf4 h5 $2 {[%mdl 8192]} (36... Bc3 $11 37. Bd2 (37. Ne7+ Kf8 $11) 37... Bxd2) 37. Ba4 $2 (37. Nxd4 exd4 38. Bxd6) 37... Bc4 $2 (37... Bxa4 38. Nxd4 exd4 39. Bxd6 Qg4) 38. b5 $2 (38. Nxd4 $18 exf4 39. b5) 38... h4 $2 {[%mdl 8192]} (38... Bc3 $11 39. Bd2 (39. Ne7+ Kh7 $15) 39... Bxd2) 39. b6 $2 (39. Nxd4 $18 exf4 40. b6) 39... hxg3 $2 {[%mdl 8192]} (39... Bxb6 $11 {and Black is okay.} 40. Nxe5 dxe5 41. Bxe5 Bd3) 40. hxg3 $18 {b7 is the strong threat.} Be3 (40... Bxb6 $142 41. Be3 Bxe3 42. Qxe3 Kg7) 41. fxe3 {Threatens to win with b7.} Qxg3+ 42. Kh1 $4 {[%mdl 8192]} (42. Qxg3 Kg7 43. Bg5 f6 44. b7 fxg5 45. Qxg5 Ba2 46. b8=Q Bxd5 47. exd5 Kh7 48. Qc7+ Kh8 49. Qgd8#) 42... Qh3+ $4 {[%mdl 8192]} (42... Qxe1+ 43. Kg2 exf4 44. Ne7+ Kf8 45. Nxg6+ fxg6 46. exf4 Kg7 47. Kf3 Be2+ 48. Ke3 Bf1+ 49. Kf3 Qe2+ 50. Kg3 Qg2+ 51. Kh4 Qh3+ 52. Kg5 Qh5#) 43. Kg1 $2 ({White has to play} 43. Bh2 $18 Bd3 44. Kg1) 43... Qxe3+ $2 {[%mdl 8192]} (43... Qg3+ $11 44. Bxg3 f5) 44. Kg2 $4 {[%mdl 8192]} (44. Bxe3 g5 45. Bxg5 f6 46. Bxf6 Kf7 47. Qh4 Bb5 48. Qh8 Bxa4 49. Qg7+ Ke8 50. Qe7#) 44... Be2 $4 {[%mdl 8192]} (44... Qxe1 {avoids the disaster.} 45. Bg3 Bf1+ 46. Kg1 Qe2 47. Bf2 Bh3 48. Ne7+ Kh7 49. Bb5 Qg4+ 50. Bg3 Qxg3+ 51. Kh1 Qg2#) 45. b7 (45. Bxe3 $142 f5 46. Qh4 Bh5 47. b7 Bf3+ 48. Kh2 g5 49. b8=Q+ Kg7 50. Qxg5+ Kh7 51. Qh6#) 45... Qf3+ 46. Kh2 (46. Kg1 $142 Kh7 47. Qh4+ Qh5 48. Qxh5+ Bxh5 49. Bg5 f6 50. Bxf6 Bg4 51. b8=Q Bc8 52. Qxc8 g5 53. Ne7 Kh6 54. Qh8#) 46... Qf2+ 47. Kh3 $4 {[%mdl 8192]} (47. Qxf2 exf4 48. b8=Q+ Kg7 49. Qxf4 f6 50. Qc7+ Kh8 51. Qxf6+ Kg8 52. Qfg7#) 47... Bf1+ $2 (47... Qxe1 $19 48. b8=Q+ Kh7 49. Nxe5 Qf1+ 50. Kg3 Qg1+ 51. Kh3 Bf1+ 52. Kh4 Qh1+ 53. Kg4 Qh3+ 54. Kg5 Kg7 55. Qf8+ Kxf8 56. Nxg6+ Kg7 57. Bxd6 Qh6+ 58. Kg4 Qxg6+ 59. Kf3 Qxd6) 48. Qxf1 $1 $11 Qxf1+ 49. Kh2 Qxf4+ 50. Kh3 Qe3+ 51. Kh2 Qd2+ 52. Kh3 Qc3+ 53. Kg4 {[#]} f5+ $1 54. exf5 Qc4+ 55. Kg5 $2 {[%mdl 8192]} (55. Kg3 $11 Qc3+ 56. Kh4 Qc4+ 57. Kg3 Qd3+ 58. Kh4 g5+ 59. Kg4 Qe4+ 60. Kg3 Qf4+ 61. Kg2 Qd2+ 62. Kg3 Qf4+ 63. Kg2 Qg4+ 64. Kh2 Qh5+ 65. Kg3 Qh4+ 66. Kg2 Qg4+ 67. Kh2 Qf4+ 68. Kg2) 55... Kg7 {[%csl Ge5][%cal Rc4f4]} 56. fxg6 Qf4+ 57. Kh5 {[#]} Qb4 $4 {[%mdl 40960] Precision: White = 61%, Black = 66%. . Loss on Time!?} (57... Kf6 $1 {and life is good for Black.} 58. b8=Q Qg5#) 0-1

[Event "SRB-chT 1st League Men 2018"]
[Site "Valjevo"]
[Date "2018.09.10"]
[Round "11"]
[White "Laketic, Gojko"]
[Black "Krstic, Petar"]
[Result "1-0"]
[WhiteElo "2335"]
[BlackElo "2323"]
[Annotator "NA"]
[PlyCount "73"]
[EventDate "2018.08.31"]
[EventType "team-tourn"]
[EventCountry "SRB"]
[SourceTitle "playchess.com"]
[Source "ChessBase"]
[SourceQuality "1"]
[TimeControl "40/5400+30:1800+30"]

1. d4 {[%emt 0:00:48]} Nf6 {[%emt 0:00:00]} 2. c4 {[%emt 0:00:15]} e6 {[%emt 0:00:00]} 3. Nc3 {[%emt 0:00:23]} Bb4 {[%emt 0:00:36]} 4. Bd2 {[%emt 0:00:14]} b6 {[%emt 0:01:05]} 5. Nf3 {[%emt 0:12:39]} O-O {[%emt 0:02:21]} 6. Rc1 {[%emt 0:09:20] E21: Nimzo-Indian: 4 Nf3} Bb7 {[%emt 0:08:30]} (6... c5 7. dxc5 Bxc5 8. g3 Bb7 9. Bg2 Ne4 10. O-O Nxd2 11. Qxd2 Qe7 12. a3 a5 13. Rfd1 Rd8 {1-0 (50) Mamedyarov,S (2747)-Adams,M (2744) Wijk aan Zee 2016 CBM 171 [Krasenkow,M]}) 7. g3 {[%emt 0:02:22]} Bxf3 {[%emt 0:11:02]} 8. exf3 {[%emt 0:00:15]} d5 $146 {[%emt 0:00:31]} ({Predecessor:} 8... d6 9. Bg2 Nbd7 10. O-O c6 {½-½ (10) Buesdorf,K (1880)-Tochtermann,G (1940) Bad Woerishofen 1996}) 9. a3 {[%emt 0:05:27]} Be7 {[%emt 0:03:57]} (9... Bxc3 $5 10. bxc3 Nc6 $11) 10. cxd5 {[%emt 0:19:44]} exd5 {[%emt 0:07:20]} 11. Na4 {[%emt 0:01:20]} Re8 {[%emt 0:08:24]} 12. Be2 {[%emt 0:06:36]} c6 {[%emt 0:05:03]} 13. O-O {[%emt 0:00:14]} Nfd7 {[%emt 0:00:35]} 14. Be3 {[%emt 0:04:16]} a5 {[%emt 0:05:10]} 15. Nc3 {[%emt 0:08:47]} Bd6 {[%emt 0:06:28]} 16. Qc2 {[%emt 0:02:54]} Ra7 {[%emt 0:01:40]} 17. Rfd1 {[%emt 0:00:12]} g6 {[%emt 0:05:09]} 18. Bf1 {[%emt 0:00:34]} Nf8 {[%emt 0:03:18]} 19. f4 {[%emt 0:06:36]} Ne6 {[%emt 0:04:36]} 20. f5 {[%emt 0:03:25]} Ng7 {[%emt 0:00:04]} 21. fxg6 {[%emt 0:01:09]} fxg6 {[%emt 0:00:14]} 22. Bh3 {[%emt 0:00:54]} Rf7 {[%emt 0:00:51]} 23. Qd2 {[%emt 0:04:16]} Ne6 {[%emt 0:04:59]} 24. Re1 {[%emt 0:00:55]} Bf8 {[%emt 0:01:51]} 25. Ne2 {[%emt 0:01:35]} Bg7 {[%emt 0:03:14]} 26. Bg2 {[%emt 0:01:13]} Qf6 {[%emt 0:02:16]} 27. Nf4 {[%emt 0:02:07]} Ref8 {[%emt 0:07:20]} 28. Nxe6 {[%emt 0:01:11]} Qxe6 {[%emt 0:00:17]} 29. Bf4 {[%emt 0:01:39]} Qd7 {[%emt 0:02:35]} 30. Re2 {[%emt 0:00:57]} Rxf4 {[%emt 0:03:21]} 31. gxf4 {[%emt 0:00:04]} Bh6 {[%emt 0:01:19]} 32. Rce1 $16 {[%emt 0:00:26]} Qg4 {[%emt 0:00:43]} 33. Re8 {[%emt 0:00:50]} Nd7 {[%emt 0:00:56]} 34. Qe2 {[%emt 0:00:41]} Qxf4 {[%emt 0:00:35]} 35. Qe6+ {[%emt 0:00:19]} Qf7 {[%emt 0:00:05]} 36. Rxf8+ {[%emt 0:00:44]} Bxf8 {[%emt 0:00:15]} 37. Qxc6 {[%emt 0:00:37]} 1-0

[Event "SRB-chT 1st League Men 2018"]
[Site "Valjevo"]
[Date "2018.09.10"]
[Round "11"]
[White "Bozic, Milan"]
[Black "Vucinic, Gojko"]
[Result "1-0"]
[WhiteElo "2334"]
[BlackElo "2411"]
[Annotator "TA"]
[PlyCount "134"]
[EventDate "2018.08.31"]
[EventType "team-tourn"]
[EventCountry "SRB"]
[SourceTitle "playchess.com"]
[Source "ChessBase"]
[SourceQuality "1"]

{[%evp 12,134,27,7,9,7,4,13,7,0,-2,-14,-9,-17,-10,-9,-22,-23,-13,-15,0,0,0,-39,0,0,6,4,17,0,0,0,3,-35,-42,-44,-58,-58,-39,-39,-43,-66,-66,-72,-85,-71,-35,-37,-27,-39,0,-145,0,-25,0,-327,-173,-222,-218,-191,-187,-171,-75,-64,0,0,0,0,0,0,11,8,12,24,16,4,37,4,41,24,116,0,0,0,0,0,0,0,0,0,0,0,0,0,0,0,0,0,0,0,0,0,0,0,0,0,0,111,12851,12851,29981,12851,29985,29984,29984,29985,29986,29986,29988,29987,29989,29990,29991,29991,29991]} 1. c4 Nf6 2. Nc3 d5 3. cxd5 Nxd5 4. g3 c5 5. Bg2 Nc7 6. d3 e5 7. Qb3 Nc6 {A34: Symmetrical English: 2 Nc3, lines with ...d5} 8. Bxc6+ bxc6 9. Nf3 (9. Qa4 Qd7 10. Nf3 f6 11. h4 h5 12. Qe4 Rb8 13. Qg6+ Kd8 14. Ne4 Ne6 15. Kf1 {0-1 (47) Rakhmanov,A (2637)-Khairullin,I (2652) Berlin 2015}) 9... f6 {The position is equal.} 10. Be3 Ne6 11. Rc1 Nd4 12. Bxd4 cxd4 13. Ne4 {[#]} Qd5 $146 ({Predecessor:} 13... Bd7 14. O-O Rb8 15. Qa4 Qc7 16. Nfd2 Be7 17. Nb3 Rb4 {½-½ (17) Davies,N (2410)-Mikhalchishin,A (2510) Lisbon 1986}) 14. O-O Be7 15. Rc2 Be6 16. Qb7 Kf7 17. b3 (17. Rxc6 Rhb8 $17) 17... Rhb8 18. Qxc6 Qxc6 19. Rxc6 a5 {[%cal Ba7a5,Ba5a4][%mdl 32]} 20. Rfc1 Bd5 21. Rc7 a4 22. Nd6+ Kf8 23. Nf5 Ba3 24. Rb1 axb3 25. axb3 g6 $36 {[%mdl 2048] Black fights for an advantage.} 26. Nh6 Rb7 27. Rxb7 Bxb7 28. g4 {[%cal Bg3g4,Bg4g5][%mdl 32]} Bb4 {Strongly threatening ...Ra2.} 29. g5 $1 Bxf3 30. exf3 $15 {[%mdl 4096] Endgame KRB-KRN} f5 31. Rc1 (31. Kg2 $11 {keeps the balance.}) 31... Bc3 (31... Bd2 $17 32. Rc5 Bxg5 33. Nxf5 gxf5 34. Rxe5 Kf7 35. Rxf5+ Bf6) 32. Rc2 Ra3 33. b4 $2 {[%mdl 8192]} (33. Kg2 $1 $11) 33... Bxb4 (33... e4 $142 34. fxe4 fxe4) 34. Rc8+ Ke7 35. Rb8 Bc5 ({Weaker is} 35... Rxd3 36. Rxb4 Rxf3 37. Ng8+ Kd6 38. Nf6 $14) 36. Rb5 Rc3 ({Worse is} 36... Rxd3 37. Rxc5 Ke6 38. Rc6+ Kd5 39. Rc7 $16) (36... Kd6 $19 {is more deadly.} 37. Nf7+ Kc6) 37. Kf1 $17 e4 (37... Kd6 $15 38. Ke2 Rc2+ 39. Ke1 Rc1+ 40. Kd2 Ra1) 38. fxe4 $11 fxe4 39. dxe4 d3 40. Rb1 Rc2 41. Ng4 {With the idea Rd1.} Ke6 42. Rd1 Rc3 43. h4 Rb3 44. Kg2 Bd4 45. f4 Kd6 (45... Rc3 $11) 46. Nf2 (46. f5 $16) 46... Rb2 47. Rxd3 Rxf2+ {KRB-KR} 48. Kg3 Kc5 {[#]} 49. Rxd4 $1 {[%mdl 512]} Kxd4 50. Kxf2 Kxe4 {K3P-KPP} 51. Kg3 {Hoping for Kg4.} (51. f5 {with more complications.} Kxf5) 51... Kf5 52. Kf3 {And now Kg3 would win.} Ke6 53. Ke4 Kd6 $1 54. Kf3 ({Not} 54. f5 gxf5+ 55. Kf4 (55. Kxf5 Ke7 $18) 55... Ke7 $18) 54... Kd5 55. Kg3 Kd6 56. Kf3 Kd5 57. Kg2 Ke4 58. Kg3 {Threatens to win with Kg4.} Kd5 {[#]} (58... Kf5 $11 {remains equal.} 59. Kf3 Ke6) 59. h5 $1 $16 {[%mdl 512]} gxh5 $2 {[%mdl 8192] KPP-KPP} (59... Ke6 $16) 60. f5 $18 Ke5 61. f6 Ke6 62. Kh4 {White mates.} h6 63. Kxh5 hxg5 64. Kg6 g4 65. f7 g3 66. f8=Q g2 67. Qf2 Kd5 {Precision: White = 60%, Black = 45%.} 1-0

[Event "SRB-chT 1st League Men 2018"]
[Site "Valjevo"]
[Date "2018.09.10"]
[Round "11"]
[White "Omorjan, Dejan"]
[Black "Djordjevic, Vuk"]
[Result "*"]
[WhiteElo "2260"]
[BlackElo "2404"]
[Annotator "TA"]
[PlyCount "118"]
[EventDate "2018.08.31"]
[EventType "team-tourn"]
[EventCountry "SRB"]
[SourceTitle "playchess.com"]
[Source "ChessBase"]
[SourceQuality "1"]

{[%evp 21,118,0,0,-6,0,0,5,-5,0,-17,0,-7,5,-16,-4,-42,-47,-74,-45,-35,-27,-39,-32,-41,-48,-39,-49,-62,-59,-71,-54,-80,-47,-72,-48,-78,-79,-82,-106,-108,-93,-177,-170,-199,-180,-184,-166,-206,-163,-169,-163,-158,-129,-271,-220,-222,-181,-198,-209,-200,-110,-122,-29,-29,-18,-24,-28,-17,-31,-139,-139,-135,-138,-132,-117,-373,-370,-492,-457,-464,-408,-521,-503,-599,-593,-843,-706,-698,0,-809,-780,-746,-645,-638,-638,-529,-496,-414,-319]} 1. d4 Nf6 2. c4 e6 3. Nf3 d5 4. Nc3 Bb4 5. cxd5 exd5 6. Bg5 h6 7. Bxf6 Qxf6 8. Qa4+ Nc6 9. e3 O-O 10. Be2 Be6 11. O-O a6 12. Qc2 {D38: Queen's Gambit Declined: Ragozin Defence (4 Nf3 Bb4)} (12. Rac1 Bd6 13. Qc2 Rfe8 14. Na4 Ne7 15. Nc5 Bxc5 16. Qxc5 c6 17. Qb6 Rab8 18. Qc7 Bg4 19. Rfe1 Bxf3 20. Bxf3 {½-½ (80) Dreev,A (2653)-Vachier Lagrave,M (2789) Riadh 2017}) 12... Bd6 13. a3 {[#]} Qd8 $146 ({Predecessor:} 13... Rad8 14. Na4 Bc8 15. Nc5 g5 16. Rac1 Qg7 17. Qb3 Na5 18. Qc3 Nc6 19. Qb3 Na5 {½-½ (64) Karpov,A (2619)-Hou,Y (2591) Sanya City 2010}) 14. Ne1 {The position is equal.} Ne7 15. b4 Qd7 16. Bd3 Rfc8 17. f4 {f5 is the strong threat.} f6 18. f5 Bf7 19. Nf3 a5 20. b5 $1 Re8 21. Na4 Nc8 22. Rfe1 Nb6 23. Nxb6 cxb6 24. Kf2 Rac8 25. Qb2 Rc7 26. Rac1 Rec8 27. g3 Qe7 28. a4 Bb4 $1 {[%cal Rb4e1]} 29. Red1 {[#]} Bc3 $1 {[%cal Rc3b2]} 30. Qe2 Qb4 31. Rb1 (31. Rc2 $17) 31... Qxa4 $19 32. Rdc1 Qa3 33. Rc2 Qd6 34. Rbc1 Bh5 35. Ra2 Qd7 36. h3 Qd6 37. Bc2 (37. Kg2 $17) 37... Bb4 38. Rb1 Rc4 39. Bb3 Rc3 40. Rc2 Kf8 (40... Ba3 $19 41. g4 Bf7) 41. Rbc1 $17 Be8 ({Better is} 41... Rxc2 $17 42. Rxc2 Re8) 42. Nh4 $11 Rxc2 43. Rxc2 Rxc2 44. Qxc2 Qd7 45. e4 {[#]} (45. Ng6+ $15 Bxg6 46. fxg6) 45... dxe4 $1 $17 (45... Qxb5 46. Qc8 $15) 46. Qxe4 Bc3 $36 {[%mdl 2048] Black is on the roll.} ({Much worse is} 46... Qxb5 $6 47. Qe6 $11) 47. Ke3 Qd6 {aiming for ...Qb4.} ({Of course not} 47... Qxb5 $6 48. Qe6 $11) 48. Nf3 $2 {[%mdl 8192]} (48. Kf3 $17 {only move.}) 48... Bxb5 $19 ({Weaker is} 48... Qxg3 49. Qe6 $17) 49. Qe6 Qxe6+ 50. fxe6 {[%mdl 4096] Endgame KBB-KBN} g5 51. d5 {White hopes to continue with d6.} Ke7 52. Ke4 Kd6 53. Nh2 Be5 54. Nf3 Bc3 55. Nh2 $1 a4 56. Ba2 h5 57. Nf3 Be8 58. Kd3 Bb4 59. Nd4 Bc5 {Precision: White = 47%, Black = 52%.} *